| 000 | 01047nam a2200301 c 4500 | ||
|---|---|---|---|
| 003 | BLK | ||
| 005 | 20220810132728.0 | ||
| 008 | 180412b bul|||||r ||||||| ||bul|| | ||
| 010 | _aKNG00014094000 | ||
| 020 |
_a954-459-322-5 _bиздат.: Хермес |
||
| 040 | _aBLK | ||
| 041 |
_aBUL _cBUL |
||
| 080 |
_aАмериканска литература (на САЩ) _b821.111(73) _x-31 _z821.111(73)-31 |
||
| 100 | 1 |
_aРединг, Жаклин _eпърви автор _9251617 |
|
| 139 |
_aРединг, Жаклин _bР 45 |
||
| 245 | 1 | 0 |
_aДворцови интриги _bРоман _cЖаклин Рединг. |
| 257 | _aUSA | ||
| 260 |
_аПловдив _bХермес _c1996 _fХасково : Полиграфюг |
||
| 300 |
_a230 с. _c20 см |
||
| 380 | _aX | ||
| 490 | 1 |
_aПламъкът на розата _v24 |
|
| 500 | _aОриг. загл. Chasing Dreams / Jaclyn Reding. - 5 060 тир. | ||
| 852 | _aЦб 190247 | ||
| 856 | 4 |
_qpdf _u |
|
| 856 | 4 |
_qpdf _u |
|
| 942 |
_cKNG _n0 _06 |
||
| 944 |
_aCR _c15.01.2003 _kAB_DOS |
||
| 944 |
_aED _c15.01.2003 _k |
||
| 999 |
_c12488 _d12488 |
||